000 00457nab a2200145Ia 4500
003 ES-SlBCS
005 20210601142421.0
008 140529s1991 xxu||||| |||| 00| 0 spa d
041 _aspa
100 1 _aBlack, David C.
_9139455
245 0 0 _aMundos en torno a otras estrellas
_c David C. Black
650 0 4 _aAstronomía
_915897
773 0 _tInvestigacion y Ciencia (Traducción de: Scientific American)
_gnº. 174, 1991, págs. 8-16
_wRev1650
942 _cAR
999 _c676555
_d676555